[Event "LUX-ch U18"]
[Site "Bonnevoie"]
[Date "2000.02.26"]
[Round "1"]
[White "Pereira, Patrick"]
[Black "Lauth, Sammy"]
[Result "1-0"]
[WhiteElo "1450"]
[BlackElo "1300"]
[PlyCount "81"]
[EventDate "2000.02.26"]
[EventType "swiss"]
[EventRounds "7"]
[EventCountry "LUX"]
[SourceTitle "EXT 2005"]
[Source "ChessBase"]
[SourceDate "2004.11.15"]
[SourceVersion "1"]
[SourceVersionDate "2004.11.15"]
[SourceQuality "1"]

1. e4 e5 2. Nf3 d6 3. Nc3 Be6 4. d4 Be7 5. dxe5 dxe5 6. Qxd8+ Bxd8 7. Nxe5 Nf6 8. Bd3 0-0 9. 0-0 Be7 10. a3 Nbd7 11. Bf4 Bg4 12. h3 Bh5 13. Bb5 Rad8 14. g4 Nc5 15. gxh5 Nxh5 16. b4 Ne6 17. Nd7 Rfe8 18. Nf6+ Bxf6 19. Bxe8 Rxe8 20. Bxc7 Nxc7 21. Rad1 Bxc3 22. Rd7 Nb5 23. Rxb7 a6 24. a4 Na3 25. Rc7 Bxb4 26. Ra1 a5 27. Rd1 h6 28. f3 Ng3 29. c3 Ne2+ 30. Kg2 Nxc3 31. Rdd7 Re6 32. Rxf7 Rg6+ 33. Kh2 Nd1 34. Rfd7 Nf2 35. Rc8+ Kh7 36. Rdd8 Rf6 37. h4 Rxf3 38. h5 g6 39. Rc7+ Be7 40. Rxe7+ Rf7 41. Rxf7# 1-0